Creepové charakteristiky kompozitných materiálov na báze MoSi2

Bibliographic Details
Main Authors: Hvizdoš, Pavol, 1965- (Author), Besterci, Michal, 1937- (Author), Ballóková, Beáta (Author), Scholl, Roland (Author), Böhm, Alexander (Author)
Format: Article
Language:Slovak
PhysicalDescription:Fotogr., grafy, tab.
ISSN:0023-432X
Subjects:

MARC

LEADER 00000nab a2200000 a 4500
001 vtls000787849
003 SK-MaSNL
005 20260305034630.0
008 250429c2001 xo 0 slo
015 |a SNBRB2002/03-10282 
035 |a CLN000139504 
035 |a urn:nbn:sk:snk-abbv6m 
035 |a (urnnbn)urn:nbn:sk:snk:ar-001ie3 
035 |a (uuid)7baecb08-ee75-4b23-9037-acb8092cf797 
040 |a SNKBUCL  |b slo  |c SNKBUCL  |e AACR2 
041 0 |a slo 
044 |a xo  |c SK 
080 |a 669.018.9:539.376  |2 1997 
080 |a 539.376  |2 1997 
245 0 0 |a Creepové charakteristiky kompozitných materiálov na báze MoSi2  |c Pavol Hvizdoš ... [ et al.] 
300 |b Fotogr., grafy, tab. 
504 |a Res. angl., slov. 
504 |a Bibliogr. odkazy 
650 0 7 |a materiály MoSi2-SiC  |x creep  |2 snkbucl  |9 1616322 
650 0 7 |a materiály MoSi2-HfO2  |x creep  |2 snkbucl  |9 1616323 
650 0 7 |a materiály kompozitné  |2 snkbucl  |9 921965 
650 0 7 |a creep  |2 snkbucl  |9 14631 
655 7 |a články z novín a časopisov  |2 snkbucl  |9 267496 
700 1 |a Hvizdoš, Pavol,  |d 1965-  |4 aut  |9 164334 
700 1 |a Besterci, Michal,  |d 1937-  |4 aut  |9 114555 
700 1 |a Ballóková, Beáta  |4 aut  |9 604919 
700 1 |a Scholl, Roland  |4 aut  |9 1616324 
700 1 |a Böhm, Alexander  |4 aut  |9 1616325 
773 0 |t Kovové materiály  |g Roč. 39, č. 6 (2001), s. 379-387  |x 0023-432X 
850 |a Slovenská národná knižnica 
852 |a Slovenská národná knižnica 
954 |a odborná, vedecká literatúra pôvodná (slovenská)  |2 lita 
958 |a article15 
958 |a NB 
958 |a OND 
958 |a EUIPO 
992 |a RBX 
999 |c 3330181  |d 3332111